000 00324pam a2200157 a 4500
020 _c
041 _aeng
082 _a658.8
_bZIK
100 _aZikmund.W.D.
245 _aMarketing
_hTextual Documents
250 _a2001.
260 _a[s.l]:
_bSouth Western
300 _a689p.
700 _aAmico.M.D.
930 _a12577
999 _c89480
_d89480